000 00476nam a2200157 i 4500
001 70221
003 ES-MaACL
005 20230906170746.0
007 t|
008 040720s1925 sp ||||1| spa d
100 1 _aGarcía de Pruneda, Salvador.
_954488
245 1 4 _aLas tropas checoeslavasas en la gran guerra /
_cSalvador García de Pruneda.
260 _aMadrid :
_bEl Memorial de Ingenieros,
_c1925.
300 _a16 p. ;
_c25 cm.
852 _aES-MaACL
_j1692-F-6
_bR.5365
999 _c70221
_d70221